<?xml version="1.0" encoding="UTF-8"?>
<record
    xmlns:xsi="http://www.w3.org/2001/XMLSchema-instance"
    xsi:schemaLocation="http://www.loc.gov/MARC21/slim http://www.loc.gov/standards/marcxml/schema/MARC21slim.xsd"
    xmlns="http://www.loc.gov/MARC21/slim">

  <leader>01443nam a22001697a 4500</leader>
  <controlfield tag="005">20220201161135.0</controlfield>
  <controlfield tag="008">220201b           ||||| |||| 00| 0 eng d</controlfield>
  <datafield tag="020" ind1=" " ind2=" ">
    <subfield code="a">9781260084306</subfield>
  </datafield>
  <datafield tag="050" ind1=" " ind2=" ">
    <subfield code="a">HD 30.28.D 4743 (9e)</subfield>
  </datafield>
  <datafield tag="245" ind1=" " ind2=" ">
    <subfield code="a">Strategic management : Creating competitive advantage/</subfield>
    <subfield code="c">Gregory G. Dess.</subfield>
  </datafield>
  <datafield tag="250" ind1=" " ind2=" ">
    <subfield code="a">9th ed.</subfield>
  </datafield>
  <datafield tag="260" ind1=" " ind2=" ">
    <subfield code="a">New York:</subfield>
    <subfield code="b">Mc Graw Hill;</subfield>
    <subfield code="c">2019.</subfield>
  </datafield>
  <datafield tag="300" ind1=" " ind2=" ">
    <subfield code="a">xli, 433 p. :</subfield>
    <subfield code="b">ill. ;</subfield>
    <subfield code="c">26cm</subfield>
  </datafield>
  <datafield tag="500" ind1=" " ind2=" ">
    <subfield code="a">Includes Index.</subfield>
  </datafield>
  <datafield tag="505" ind1=" " ind2=" ">
    <subfield code="a">Contents :Part 1: Strategic analysis -- Strategic management: Creating competitive advantages -- Analyzing the external environment of the firm: creating competitive advantages -- Assessing the internal environment of the firm -- Recognizing a firm's intellectual assets: moving beyond a firm's tangible resources -- Part 2 : Strategic formulation -- Business- level strategy: Creating and sustaining competitive advantages -- Corporate- level strategy: Creating value through diversification -- International strategy: Creating value in global markets -- Entrepreneurial strategy and competitive dynamics -- Part 3: Strategic implementation -- Strategic control and corporate governance -- Creating effective organizational designs -- Strategic leadership: Creating a learning organizational and an ethical organization -- Managing innovation and fostering corporate entrepreneurship -- Part 4: Case analysis --  Analyzing strategic management cases -- Indexes.</subfield>
  </datafield>
  <datafield tag="942" ind1=" " ind2=" ">
    <subfield code="2">lcc</subfield>
    <subfield code="c">BK</subfield>
  </datafield>
  <datafield tag="999" ind1=" " ind2=" ">
    <subfield code="c">8578</subfield>
    <subfield code="d">16078</subfield>
  </datafield>
  <datafield tag="952" ind1=" " ind2=" ">
    <subfield code="0">0</subfield>
    <subfield code="1">0</subfield>
    <subfield code="2">lcc</subfield>
    <subfield code="4">0</subfield>
    <subfield code="7">0</subfield>
    <subfield code="a">WIUC-1</subfield>
    <subfield code="b">WIUC-1</subfield>
    <subfield code="c">REF</subfield>
    <subfield code="d">2022-02-01</subfield>
    <subfield code="l">0</subfield>
    <subfield code="o">HD 30.28.D4743(9e)</subfield>
    <subfield code="p">8850/301/20</subfield>
    <subfield code="r">2022-02-01 00:00:00</subfield>
    <subfield code="t">1</subfield>
    <subfield code="w">2022-02-01</subfield>
    <subfield code="y">BK</subfield>
  </datafield>
  <datafield tag="952" ind1=" " ind2=" ">
    <subfield code="0">0</subfield>
    <subfield code="1">0</subfield>
    <subfield code="2">lcc</subfield>
    <subfield code="4">0</subfield>
    <subfield code="7">0</subfield>
    <subfield code="a">WIUC-1</subfield>
    <subfield code="b">WIUC-1</subfield>
    <subfield code="c">REF</subfield>
    <subfield code="d">2022-02-01</subfield>
    <subfield code="l">0</subfield>
    <subfield code="o">HD 30.28.D4744(9e)</subfield>
    <subfield code="p">8851/302/20</subfield>
    <subfield code="r">2022-02-01 00:00:00</subfield>
    <subfield code="t">2</subfield>
    <subfield code="w">2022-02-01</subfield>
    <subfield code="y">BK</subfield>
  </datafield>
  <datafield tag="952" ind1=" " ind2=" ">
    <subfield code="0">0</subfield>
    <subfield code="1">0</subfield>
    <subfield code="2">lcc</subfield>
    <subfield code="4">0</subfield>
    <subfield code="7">0</subfield>
    <subfield code="a">WIUC-1</subfield>
    <subfield code="b">WIUC-1</subfield>
    <subfield code="c">REF</subfield>
    <subfield code="d">2022-02-01</subfield>
    <subfield code="l">0</subfield>
    <subfield code="o">HD 30.28.D4745(9e)</subfield>
    <subfield code="p">8852/303/20</subfield>
    <subfield code="r">2022-02-01 00:00:00</subfield>
    <subfield code="t">3</subfield>
    <subfield code="w">2022-02-01</subfield>
    <subfield code="y">BK</subfield>
  </datafield>
</record>
